| 000 | 01142nam0a22002531 4500 | ||
|---|---|---|---|
| 001 | rc\543327 | ||
| 005 | 20260407052529.0 | ||
| 035 | _a(NLR Aleph) 005779957 | ||
| 090 |
_a5106775 _c5106775 |
||
| 100 | _a20030616d1987 |||y0rusy50 ca | ||
| 101 | 0 | _arus | |
| 102 | _aRU | ||
| 105 | _ay ||||||||| | ||
| 200 | 1 |
_aЭпидемиологический надзор за инфекционными болезнями _e(Сб. науч. тр.) _fЦНИИ вакцин и сывороток им. И.И. Мечникова, ЦНИИ эпидемиологии _g[Редкол.: В.И. Покровский (отв. ред.) и др.] |
|
| 210 |
_aМ. _cБ. и. _d1987 |
||
| 215 |
_a191 с. _d22 |
||
| 320 | _aБиблиогр.: с. 180-188 | ||
| 702 | 1 |
_4340 _8rus _7ca _aПокровский _bВ. И. _cд-р мед. наук _f1929-2020 _gВалентин Иванович _3RU\NLR\AUTH\7740346 _923298 |
|
| 712 | 0 | 2 |
_aНИИ вакцин и сывороток им. И. И. Мечникова _cМосква _3RU\NLR\AUTH\8810022163 _9542324 |
| 801 | 0 |
_aRU _bNLR _gpsbo |
|
| 801 | 1 |
_aRU _bELAR _2rusmarc |
|
| 852 |
_aNLR _j88-3/2332 |
||
| 942 | _cBOOK | ||
| 980 | _aNB | ||